|
|
|
|
| LEADER |
00744cam a2200205 7i4500 |
| 001 |
0000004658 |
| 005 |
20171026090000.0 |
| 020 |
|
|
|a 9780534385170 (hbk.)
|
| 020 |
|
|
|a 0534385176 ( hbk.)
|
| 090 |
0 |
0 |
|a TA347.F5
|b L64 2002
|
| 100 |
1 |
|
|a Logan, Daryl L
|
| 245 |
1 |
2 |
|a A first course in the finite element method
|c Daryl L. Logan.
|
| 250 |
|
|
|a 3rd ed.
|
| 260 |
|
|
|a Pacific Grove, CA:
|b Brooks/Cole,
|c 2002.
|
| 300 |
|
|
|a xvi, 696 p.:
|b ill.;
|c 25 cm.
|
| 504 |
|
|
|a Includes bibliographical references and index
|
| 650 |
0 |
0 |
|a Finite element method
|
| 997 |
|
|
|a Engineering & Life Sciences, Faculty
|b Engineering, Department
|
| 999 |
|
|
|a 0000005973
|b BOK
|c OPEN SHELF
|e 2nd Floor, Bestari Jaya
|
| 999 |
|
|
|a 0000010229
|b BOK
|c OPEN SHELF
|e 2nd Floor, Bestari Jaya
|